000 01276nam a2200313 a 4500
001 000113534
003 CHAP
005 20220329144400.0
008 170801s2016 mx sm |||||||spa d
010 _a109995
011 _a110967
040 _cCHAP
090 _aTesis
100 1 _aGallegos Ginori, Ricardo
_9132900
245 1 3 _aLa importancia de la producción de carne bovina en el ingreso de los productores de los ejidos de San Carlos y San Antonio Coapa Municipio de Morelia, Michoacán
_h[En línea]
_cpor Ricardo Gallegos Ginori.
260 _aChapingo, Méx. :
_bEl autor,
_c2016.
500 _aPara ver el contenido del material haga clic en la liga
502 _aTesis (M.C. en Desarrollo Rural Regional) -- UACH. Dirección de Centros Regionales Universitarios
590 _aE11695DGD
_b10
_c20170801
_lUCH01
_h1017
590 _aE5765TAJ
_b05
_c20170801
_lUCH01
_h0923
590 _aE5765TAJ
_b05
_c20170801
_lUCH01
_h0923
650 1 4 _aGanado de carne
_xAspectos economicos
_zMichoacán.
_945070
650 1 4 _aGanado de carne
_xMercadeo.
_945092
650 1 4 _aGanado vacuno
_xProducción
_xAspectos socioeconómicos.
_9132901
856 _aFinding aid
_uhttp://10.13.5.2/tesis/sist113534.pdf
_zTeclea aquí
901 _aBK
942 _cTESIS
942 _n0
999 _c109995
_d109995